000 00461nam a2200193Ia 4500
008 151119s9999||||xx |||||||||||||| ||und||
082 _a28.5
082 _bGKKV24717
100 _aARORA BOOK COMPANY
245 _aREAD AND COLOUR FUN- 18
260 _a--
260 _b--
260 _c0
600 _aARORA BOOK COMPANY
630 _aREAD AND COLOUR FUN- 18
700 _aARORA BOOK COMPANY
730 _aREAD AND COLOUR FUN- 18
942 _cBOOK
999 _c1077286
_d1077283